La preparación física en el fútbol
Gorde:
| Egile Nagusiak: | , , |
|---|---|
| Formatua: | Liburua |
| Hizkuntza: | gaztelania |
| Argitaratua: |
Madrid
Augusto Pila Teleña, Carlos Martínez García y Eduardo Toba Muiño
1977
|
| Gaiak: | |
| Etiketak: |
Etiketa erantsi
Etiketarik gabe, Izan zaitez lehena erregistro honi etiketa jartzen!
|
MARC
| LEADER | 00000nam a2200000 a 4500 | ||
|---|---|---|---|
| 001 | UCZ6575 | ||
| 003 | CL-VaPUC | ||
| 008 | 951211e19770000SP |||||||||||||||||spa|d | ||
| 082 | 0 | 4 | |a 796.334 |b MAR |2 21 |
| 100 | |a Martínez García, Carlos |e author |9 350957 | ||
| 700 | 0 | |a Toba Muiño, Eduardo |e author |9 350958 | |
| 700 | 0 | |a Pila Teleña, Augusto |e author |9 350959 | |
| 245 | 1 | 3 | |a La preparación física en el fútbol |
| 300 | |a 450 p | ||
| 942 | |c BK | ||
| 945 | |d 19951211 00:00:00 |a cmena | ||
| 260 | |a Madrid |b Augusto Pila Teleña, Carlos Martínez García y Eduardo Toba Muiño |c 1977 | ||
| 650 | 0 | |a Fútbol |9 307513 | |
| 650 | 7 | |a EJERCICIO |2 CL-VaPUC |9 310040 | |
| 650 | 0 | |a Educación física |9 240893 | |
| 650 | 7 | |a DEPORTE |2 CL-VaPUC |9 350960 | |
| 583 | |a last modification |c 19951211 00:00:00 |k Rodrigo Vera | ||
| 999 | |c 242773 |d 242771 | ||
| 952 | |0 0 |1 0 |4 0 |6 796_334000000000000_MAR_1977 |7 0 |8 P |9 255944 |a BIBEDU |b BIBEDU |c BIBEDU_PB |d 2019-11-19 |i 1605186 |o 796.334 MAR 1977 |p 1605186 |r 2024-01-25 |w 2019-11-19 |y BK |k EDU | ||